000
00303nam a22001337a 4500
020
_a
978-0442205157
041
_a
ENG
100
_a
Brooker.B.D
245
_a
Drying And Storage Of Grains And Oilseeds
260
_a
New Delhi
_b
CBS Pub
_c
1997
300
_a
450
650
_a
APE
856
_u
APE ( 10 )
999
_c
1784
_d
1784